00298nam a22001217a 4500020000800000040001600008082001300024100002100037245003500058250001200093260004300105300002800148 qHB. cFIZZA ISHAQ a150bWOR aWORTMAN,CAMILLE. aPSYCHOLOGY /cCAMILLE WORTMAN. a5TH ED. aNEW YORK:bMcGraw Hill College,c1999. a768 P. ;c10.1X8X1.3 IN